All U.S. States in 3 Minutes - Statistics

General Stats
  • This quiz has been taken 83 times
  • The average score is 46 of 50
Answer Stats
State % Correct
Florida
100%
Oregon
98%
Alaska
97%
California
97%
Idaho
97%
New York
97%
Alabama
95%
New Hampshire
95%
North Carolina
95%
Pennsylvania
95%
Washington
95%
Arizona
93%
Georgia
93%
Michigan
93%
Montana
93%
New Mexico
93%
South Carolina
93%
Illinois
92%
Kentucky
92%
Maine
92%
Mississippi
92%
New Jersey
92%
North Dakota
92%
South Dakota
92%
Texas
92%
Wyoming
92%
Arkansas
90%
Colorado
90%
Delaware
90%
Hawaii
90%
Iowa
90%
Maryland
90%
Ohio
90%
Oklahoma
90%
Rhode Island
90%
Utah
90%
Vermont
90%
Wisconsin
90%
Massachusetts
88%
Minnesota
88%
Missouri
88%
Nevada
88%
West Virginia
88%
Indiana
86%
Louisiana
86%
Tennessee
86%
Virginia
86%
Connecticut
85%
Kansas
85%
Nebraska
83%
No matching quizzes found
Score Distribution
Percent of People with Each Score
Percentile by Number Answered
Your Score History
You have not taken this quiz